Đang tải...

Global capital supply and demand is there enough to go around ?

Chi tiết về thư mục
Tác giả chính: Qureshi,Zia
Định dạng: Printed Book
Ngôn ngữ:English
Được phát hành: Washington World Bank 1996
Loạt:Directions in development
Những chủ đề:
LEADER 00625nam a22001817a 4500
005 20160820112457.0
008 090929t xxu||||| |||| 00| 0 eng d
082 |a 339.13  |b QUR 
100 |a Qureshi,Zia  |9 3063 
245 |a Global capital supply and demand   |b is there enough to go around ? 
300 |a 24p. 
490 |a Directions in development 
653 |a capital market  |a capital movement  |a development 
942 |c BK  |6 _ 
260 |a Washington  |b World Bank  |c 1996 
020 |a 0821336274 
999 |c 170818  |d 170818 
952 |0 0  |1 0  |2 ddc  |4 0  |6 33913_QUR  |7 0  |9 221929  |a DAE  |b DAE  |d 2009-09-29  |o 339.13 QUR  |p ECO06691  |r 2016-08-20  |w 2016-08-20  |y BK